• 首页
  • 本馆介绍
  • 公告通知
  • 最新文献
  • 馆藏检索
  • 电子资源
  • 读者荐购
  • 参考咨询
  • CALIS
  • 我的图书馆
  • 登录
  • 详细信息显示
  • 放入我的书架
  • 预约/预借图书
  • 作者相关作品
  • 分类相关作品
  • 丛书相关作品
  • 出版社相关作品

书目信息

  • 表格格式
  • 工作单格式
  • 卡片格式
题名:
数据驱动
    
 
作者: 桑文锋 著
分册:  
出版信息: 北京   电子工业出版社  2018.03
页数: XVIII, 196页
开本: 24cm
丛书名:
单 册:
中图分类: TP274
科图分类:
主题词: 数据管理--shu ju guan li--研究
电子资源:
ISBN: 978-7-121-33451-1
 
 
 
 
 
000 01075nam0 2200253 450
001 96175
005 20250911200530.49
010    @a978-7-121-33451-1@dCNY49.00
100    @a20180419d2018 em y0chiy50 ea
101 0  @achi
102    @aCN@b110000
105    @aa z 000yy
106    @ar
200 1  @a数据驱动@Ashu ju qu dong@e从方法到实践@f桑文锋著
210    @a北京@c电子工业出版社@d2018.03
215    @aXVIII, 196页@c图@d24cm
314    @a桑文锋, 神策数据创始人兼CEO。
330    @a本书详解大数据本质、理念与现状, 围绕数据驱动四环节 —— 采集、建模、分析、指标, 深入浅出地讲述企业如何将数据驱动方案落地, 并指出数据驱动的价值在于“数据驱动决策”“数据驱动产品智能”。最后通过互联网金融、电子商务、企业服务、零售四大行业实践, 从需求梳理、事件指标设计、数据接入阶段、实际应用四大阶段介绍数据驱动在不同领域的商业价值, 全面展示大数据在各领域内的应用情况与趋势展望。
606 0  @a数据管理@Ashu ju guan li@x研究
690    @aTP274@v5
701  0 @a桑文锋@Asang wen feng@4著
801  0 @aCN@c20250909
905    @a河南城建学院图书馆@dTP274@eS033@f1
962    @a6365996
    
    数据驱动:从方法到实践/桑文锋著.-北京:电子工业出版社,2018.03
    XVIII, 196页:图;24cm
    
    
    ISBN 978-7-121-33451-1:CNY49.00
    本书详解大数据本质、理念与现状, 围绕数据驱动四环节 —— 采集、建模、分析、指标, 深入浅出地讲述企业如何将数据驱动方案落地, 并指出数据驱动的价值在于“数据驱动决策”“数据驱动产品智能”。最后通过互联网金融、电子商务、企业服务、零售四大行业实践, 从需求梳理、事件指标设计、数据接入阶段、实际应用四大阶段介绍数据驱动在不同领域的商业价值, 全面展示大数据在各领域内的应用情况与趋势展望。
●
相关链接 在E读中查询图书 在当当中查询图书 在豆瓣中查询图书


正题名:数据驱动     索取号:TP274/S033         预约/预借

序号 登录号 条形码 馆藏地/架位号 状态 备注
1 1630451   216304513   自科库301/301自科库 42排6列1层/ [索取号:TP274/S033] 在馆    
河南城建学院图书馆 欢迎您!
大连网信软件有限公司© 版权所有